Desarrollo agropecuario de la dependencia al protagonismo del agrícultor (Registro nro. 3820)

Detalles MARC
000 -CABECERA
Campo de control 00917nam a2200241 a 4500
005 - FECHA Y HORA DE LA ULTIMA TRANSACCION
Campo de control 20160415173352.0
008 - ELEMENTOS DE LONGITUD FIJA—INFORMACION GENERAL
Campo de control 160415b1993 xx a fr|||| 00| 0 spa d
040 ## - FUENTE DE CATALOGACIÓN
Agencia catalogadora original CO-BoIAVH
Agencia transcriptora CO-BoIAVH
041 0# - IDIOMA
Código de idioma para texto/pista de sonido o título separado Español
082 04 - NUMERO DE CLASIFICACION DECIMAL DEWEY
Número de clasificación 631.523
Número del ítem O68d
110 2# - ASIENTO PRINCIPAL--NOMBRE CORPORATIVO
Nombre corporativo o de jurisdicción como elemento de entrada Organización de las Naciones Unidas para la Alimentación y la Agricultura (FAO)
Unidad subordinad , Oficina regional de la FAO para América Latina y el Caribe
9 (RLIN) 65552
245 10 - MENCION DE TITULO
Título Desarrollo agropecuario de la dependencia al protagonismo del agrícultor
250 ## - MENCION DE EDICION
Mención de edición Tercera edición
260 ## - PUBLICACION, DISTRIBUCION, ETC. (PIE DE IMPRENTA)
Lugar de publicación, distribución, etc. Roma :
Nombre del editor, distribuidor, etc. FAO,
Fecha de publicación, distribución, etc. 1993.
300 ## - DESCRIPCION FISICA
Extensión 140 páginas :
Otros detalles físicos ilustraciones ;
Dimensiones 26 x 19 centímetros
490 ## - MENCION DE SERIE
Mención de serie Serie desarrollo rural ;
Designación numérica/secuencial del volumen 9
504 ## - NOTA DE BIBLIOGRAFIA, ETC.
Nota de bibliografía Incluye referencias bibliográficas.
650 #6 - ASIENTO SECUNDARIO DE MATERIA - TERMINO TEMATICO
Término temático o nombre geográfico como elemento de entrada Política agrícola
9 (RLIN) 7437
650 #6 - ASIENTO SECUNDARIO DE MATERIA - TERMINO TEMATICO
Término temático o nombre geográfico como elemento de entrada Desarrollo rural
9 (RLIN) 65553
650 #6 - ASIENTO SECUNDARIO DE MATERIA - TERMINO TEMATICO
Término temático o nombre geográfico como elemento de entrada Productos agrícolas
9 (RLIN) 65554
650 #6 - ASIENTO SECUNDARIO DE MATERIA - TERMINO TEMATICO
Término temático o nombre geográfico como elemento de entrada Agricultura
Subdivisión general tecnología
9 (RLIN) 65555
942 ## - ELEMENTOS ADICIONALES (KOHA)
Tipo de ítem Libro
Sistema de clasificación Dewey Decimal Classification
Existencias
Withdrawn status Lost status Sistema de Clasificación Damaged status No para préstamo Colección Inventariado Ubicación Permanente Ubicación actual Fecha de adquisición Fuente de Valor Valor Total Checkouts Número topográfico Inventario / Código de Barras Date last seen Ejemplar Price effective from Forma de adquisición Tipo de material
    Dewey Decimal Classification     General Inventariado 2017 Bogotá Bogotá 13/05/2004 Instituto 39000.00   LB-631.523 O68d 015680 04/12/2012 Ej. 1 04/12/2012   Libro